The contest problem book IV : annual high school examinations, 1973-1982 /
Guardado en:
| Autor Principal: | |
|---|---|
| Autor Corporativo: | |
| Otros Autores: | , |
| Formato: | Libro |
| Idioma: | English |
| Publicado: |
Washington :
Mathematical Association of America,
[1983?]
|
| Series: | New mathematical library ;
29 |
| Materias: | |
| Etiquetas: |
Agregar Etiqueta
Sin Etiquetas, Sea el primero en etiquetar este registro!
|
| LEADER | 01051cam a2200277 a 4500 | ||
|---|---|---|---|
| 001 | MAT.inmabb006260 | ||
| 008 | 830610s1983####dcua##########001#0#eng## | ||
| 005 | 20160315173119.0 | ||
| 245 | 1 | 4 | |a The contest problem book IV : |b annual high school examinations, 1973-1982 / |c compiled and with solutions by Ralph A. Artino, Anthony M. Gaglione, and Niel Shell. |
| 260 | |a Washington : |b Mathematical Association of America, |c [1983?] | ||
| 300 | |a xiv, 184 p. : |b il. ; |c 23 cm. | ||
| 440 | 0 | |a New mathematical library ; |v 29 | |
| 500 | |a Incluye índice. | ||
| 020 | |a 0883856298 (pbk.) | ||
| 020 | |a 088385600X (pbk. : set) | ||
| 100 | 1 | |a Artino, Ralph A., |d 1944- | |
| 700 | 1 | |a Gaglione, Anthony M. | |
| 700 | 1 | |a Shell, Niel. | |
| 710 | 2 | |a Mathematical Association of America. | |
| 650 | 0 | |a Mathematics |v Problems, exercises, etc. | |
| 650 | 0 | |a Mathematics |v Examinations, questions, etc. | |
| 650 | 0 | |a Mathematics |x Competitions. | |
| 084 | |a 00A07 |2 msc2000 | ||
| 010 | |a 82051076 | ||
| 040 | |a DLC |c DLC |d DLC | ||
| 859 | |h 00A07 |i Ar791 |p A-5757 |b BIB. MATEMATICA | ||
